[Event "zonal 1.2b"]
[Site "Zagreb CRO"]
[Date "1993.??.??"]
[Round "1"]
[White "Cvitan, Ognjen"]
[Black "Nikolic, Nebojsa"]
[Result "1-0"]
[WhiteElo "2575"]
[BlackElo "2340"]
[EventDate "1993.03.??"]
[PlyCount "85"]

1.d4 f5 2.g3 Nf6 3.Bg2 g6 4.Nf3 Bg7 5.c4 O-O 6.O-O d6 7.Nc3 Nc6 8.d5 Na5 
9.Qd3 c5 10.Bd2 Ne4 11.Nxe4 fxe4 12.Qxe4 Bxb2 13.Rad1 Bf6 14.Ng5 Bxg5 15.
Bxg5 Rf7 16.Qc2 b6 17.Bd2 Qd7 18.Rb1 Ba6 19.Bxa5 bxa5 20.Rb3 Rff8 21.Ra3 
Qc7 22.Bh3 Bc8 23.Bxc8 Raxc8 24.Rb1 Rb8 25.Rxb8 Rxb8 26.h4 Qb7 27.Rb3 Qc8 
28.Rd3 Qb7 29.Kg2 e5 30.Qa4 Qc7 31.Ra3 e4 32.Qxa5 Qxa5 33.Rxa5 Rb4 34.Rxa7
Rxc4 35.Ra6 Rc2 36.e3 Kg7 37.Rxd6 Rxa2 38.Rc6 Rd2 39.Rxc5 Kf6 40.g4 Ke5 
41.Rc7 h5 42.Re7+ Kd6 43.Rxe4 1-0

[Event "zonal 1.2b"]
[Site "Zagreb CRO"]
[Date "1993.??.??"]
[Round "1"]
[White "Dizdarevic, Emir"]
[Black "Hulak, Krunoslav"]
[Result "1/2-1/2"]
[WhiteElo "2540"]
[BlackElo "2540"]
[EventDate "1993.03.??"]
[PlyCount "34"]

1.d4 d5 2.c4 e6 3.Nf3 Nf6 4.Nc3 Be7 5.Bg5 h6 6.Bh4 O-O 7.e3 b6 8.Bxf6 Bxf6
9.cxd5 exd5 10.b4 c6 11.Qb3 Be6 12.Rd1 Qd6 13.Be2 Nd7 14.O-O Rfd8 15.Rd2 
a5 16.b5 c5 17.Qa4 Qf8 1/2-1/2

[Event "zonal 1.2b"]
[Site "Zagreb CRO"]
[Date "1993.??.??"]
[Round "1"]
[White "Kovacevic, Vladimir"]
[Black "Har-Zvi, Ronen"]
[Result "0-1"]
[WhiteElo "2485"]
[BlackElo "2485"]
[EventDate "1993.03.??"]
[PlyCount "128"]

1.d4 d6 2.c4 e5 3.e3 g6 4.Nc3 Bg7 5.dxe5 Bxe5 6.Qd2 a5 7.Nf3 Bg7 8.Be2 Ne7
9.O-O Nbc6 10.Re1 O-O 11.b3 a4 12.bxa4 Nb4 13.Rb1 Bxc3 14.Qxc3 Nxa2 15.Qc2
Nxc1 16.Rexc1 b6 17.Nd4 Bb7 18.Ra1 Nc6 19.Nb5 Ne5 20.Nc3 Ra5 21.Qd1 Re8 
22.Nd5 Nd7 23.Bf3 Nc5 24.Rcb1 Re5 25.g3 Ba8 26.h4 h5 27.Bg2 Ne4 28.Rb5 Ra7
29.Qd4 Bxd5 30.cxd5 Nc5 31.Rb4 Re8 32.Qc3 Qd7 33.Qc2 Rea8 34.Bf1 Rxa4 35.
Raxa4 Rxa4 36.Bb5 Ra1+ 37.Kg2 Qe7 38.Rf4 Qe5 39.Bc6 Re1 40.Qa2 Ra1 41.Qc2 
Re1 42.Qa2 Ra1 43.Qc2 Ra3 44.Qe2 Nd3 45.Rd4 Nc5 46.Qf3 Qxd4 47.exd4 Rxf3 
48.Kxf3 Na6 49.Ke3 Kf8 50.Kd2 Ke7 51.Kc3 Nb8 52.Bb5 Nd7 53.Kd3 Nf6 54.Bc6 
Ng4 55.Ke2 Kf6 56.Be8 Nh6 57.Kd3 Nf5 58.Kc3 Ke7 59.Bb5 Nh6 60.Kd2 Ng8 61.
Kd3 Kf8 62.Bd7 Kg7 63.Be8 Nf6 64.Bc6 Kh6 0-1

[Event "zonal 1.2b"]
[Site "Zagreb CRO"]
[Date "1993.??.??"]
[Round "1"]
[White "Smirin, Ilia"]
[Black "Kurajica, Bojan"]
[Result "1-0"]
[WhiteElo "2590"]
[BlackElo "2535"]
[EventDate "1993.03.??"]
[PlyCount "57"]

1.e4 c5 2.Nf3 e6 3.Nc3 a6 4.d4 cxd4 5.Nxd4 Qc7 6.f4 b5 7.Bd3 Bc5 8.Nb3 Be7
9.Qg4 b4 10.e5 g6 11.Ne4 Bb7 12.Qe2 f5 13.Ned2 Nc6 14.Nc4 Bh4+ 15.g3 Be7 
16.Rg1 Nh6 17.Be3 O-O 18.O-O-O a5 19.Nb6 Rab8 20.Bxf5 Nxe5 21.Rxd7 Nxd7 
22.Bxe6+ Rf7 23.Nxd7 a4 24.Nbc5 Bxc5 25.Bxc5 Ra8 26.Bxf7+ Nxf7 27.Qe7 Rc8 
28.Re1 b3 29.Qe8+ 1-0

[Event "zonal 1.2b"]
[Site "Zagreb CRO"]
[Date "1993.??.??"]
[Round "2"]
[White "Dizdar, Goran"]
[Black "Cvitan, Ognjen"]
[Result "1/2-1/2"]
[WhiteElo "2490"]
[BlackElo "2575"]
[EventDate "1993.03.??"]
[PlyCount "31"]

1.d4 Nf6 2.Nf3 g6 3.Bg5 Bg7 4.Nbd2 d5 5.e3 O-O 6.Bd3 Nbd7 7.O-O Re8 8.c4 
c5 9.Qb3 cxd4 10.exd4 dxc4 11.Bxc4 e6 12.Ne4 h6 13.Bh4 g5 14.Nxf6+ Nxf6 
15.Bg3 b6 16.h4 1/2-1/2

[Event "zonal 1.2b"]
[Site "Zagreb CRO"]
[Date "1993.??.??"]
[Round "2"]
[White "Kurajica, Bojan"]
[Black "Dizdarevic, Emir"]
[Result "1/2-1/2"]
[WhiteElo "2535"]
[BlackElo "2540"]
[EventDate "1993.03.??"]
[PlyCount "30"]

1.e4 c6 2.d4 d5 3.exd5 cxd5 4.c4 Nf6 5.Nc3 Nc6 6.Nf3 e6 7.Be2 Be7 8.O-O 
O-O 9.a3 Ne4 10.Qc2 Nxc3 11.Qxc3 dxc4 12.Bxc4 Bf6 13.Be3 Bd7 14.b4 Rc8 15.
Qd3 Ne7 1/2-1/2

[Event "zonal 1.2b"]
[Site "Zagreb CRO"]
[Date "1993.??.??"]
[Round "2"]
[White "Nikolic, Nebojsa"]
[Black "Kovacevic, Vladimir"]
[Result "1/2-1/2"]
[WhiteElo "2340"]
[BlackElo "2485"]
[EventDate "1993.03.??"]
[PlyCount "33"]

1.d4 d5 2.c4 e6 3.Nc3 Nf6 4.Bg5 Nbd7 5.Nf3 Bb4 6.cxd5 exd5 7.Rc1 c6 8.a3 
Be7 9.e3 O-O 10.Bd3 Re8 11.Qc2 h6 12.Bf4 Nb6 13.h3 Be6 14.O-O Rc8 15.Na4 
Nxa4 16.Qxa4 a6 17.Qb3 1/2-1/2

[Event "zonal 1.2b"]
[Site "Zagreb CRO"]
[Date "1993.??.??"]
[Round "2"]
[White "Rogic, Davor"]
[Black "Hulak, Krunoslav"]
[Result "0-1"]
[WhiteElo "2280"]
[BlackElo "2540"]
[EventDate "1993.03.??"]
[PlyCount "110"]

1.e4 c5 2.Nf3 e6 3.d4 cxd4 4.Nxd4 Nf6 5.Nc3 d6 6.Be2 a6 7.a4 Nc6 8.Be3 Be7
9.O-O O-O 10.f4 Bd7 11.Kh1 Nxd4 12.Bxd4 Bc6 13.Bd3 Nd7 14.Qh5 Bf6 15.Bxf6 
Nxf6 16.Qh3 h6 17.Rae1 Nd7 18.Re3 Nc5 19.f5 exf5 20.Rg3 Kh8 21.Qxf5 Qe7 
22.Qg4 f6 23.Nd5 Bxd5 24.exd5 Nxd3 25.Rxd3 Rac8 26.c4 Rfe8 27.Rg3 Rc7 28.
b3 Qf7 29.h3 Re5 30.Rgf3 Qe8 31.Qh4 Kh7 32.Qd4 Rce7 33.Qb6 Rd7 34.a5 Qg6 
35.Qf2 Rde7 36.Rg3 Qe8 37.Qb6 Qd7 38.Rgf3 f5 39.Qd4 g6 40.R1f2 h5 41.Qd2 
Qe8 42.Qf4 Qd8 43.Qd2 Re1+ 44.Kh2 R7e4 45.g4 hxg4 46.hxg4 Qf6 47.gxf5 Qe5+
48.Rg3 Rh4+ 49.Kg2 Qe4+ 50.Rgf3 Rg4+ 51.Kh2 Qe5+ 52.Kh3 gxf5 53.Rh2 Reg1 
54.Qd3 Rh4+ 55.Kxh4 Qf6+ 0-1

[Event "zonal 1.2b"]
[Site "Zagreb CRO"]
[Date "1993.??.??"]
[Round "3"]
[White "Alterman, Boris"]
[Black "Nikolic, Nebojsa"]
[Result "1/2-1/2"]
[WhiteElo "2600"]
[BlackElo "2340"]
[EventDate "1993.03.??"]
[PlyCount "63"]

1.d4 d5 2.c4 dxc4 3.e4 Nc6 4.Nf3 Bg4 5.d5 Ne5 6.Bf4 Ng6 7.Be3 e5 8.Bxc4 a6
9.h3 Bd7 10.h4 Bd6 11.h5 N6e7 12.h6 gxh6 13.Nc3 Ng6 14.Qd2 Qe7 15.O-O-O 
O-O-O 16.Kb1 Nf6 17.Qe2 Rdg8 18.Nd2 Ng4 19.Bxa6 bxa6 20.Qxa6+ Kd8 21.Qa8+ 
Bc8 22.Nc4 Nxe3 23.fxe3 Qd7 24.Rhf1 Ke7 25.Qa7 Rd8 26.Rf2 Rhg8 27.a4 Nh8 
28.Nb5 Rg6 29.Rc1 Kf8 30.Ncxd6 cxd6 31.Rc7 Qe8 32.Rfc2 1/2-1/2

[Event "zonal 1.2b"]
[Site "Zagreb CRO"]
[Date "1993.??.??"]
[Round "3"]
[White "Dizdarevic, Emir"]
[Black "Kozul, Zdenko"]
[Result "0-1"]
[WhiteElo "2540"]
[BlackElo "2550"]
[EventDate "1993.03.??"]
[PlyCount "76"]

1.Nf3 Nf6 2.g3 g6 3.b3 Bg7 4.Bb2 O-O 5.Bg2 d6 6.d4 e5 7.dxe5 Nfd7 8.O-O 
dxe5 9.e4 a5 10.a4 Na6 11.Nbd2 Nac5 12.Qe2 b6 13.Rfd1 Ba6 14.Qe3 Qe7 15.
Bh3 Bb7 16.Nc4 Rfd8 17.Nfd2 Ne6 18.Nf3 f6 19.Ba3 Qe8 20.Bg2 Ndc5 21.Ne1 
Bf8 22.Bb2 Rd7 23.Rxd7 Qxd7 24.Qe2 Rd8 25.Ne3 Qf7 26.f3 Nd4 27.Qf2 Nce6 
28.Bf1 f5 29.exf5 Nxf5 30.Nxf5 Qxf5 31.Bd3 Rxd3 32.Nxd3 Ng5 33.Kf1 Nxf3 
34.Ba3 Bh6 35.Bc1 Bg7 36.Be3 e4 37.Rd1 exd3 38.Rxd3 Ba6 0-1

[Event "zonal 1.2b"]
[Site "Zagreb CRO"]
[Date "1993.??.??"]
[Round "3"]
[White "Gofshtein, Leonid"]
[Black "Har-Zvi, Ronen"]
[Result "1-0"]
[WhiteElo "2560"]
[BlackElo "2485"]
[EventDate "1993.03.??"]
[PlyCount "89"]

1.Nf3 Nf6 2.c4 g6 3.b4 Bg7 4.Bb2 O-O 5.g3 c6 6.Na3 Qb6 7.Qb3 Ne4 8.d4 a5 
9.b5 a4 10.Qe3 d5 11.Bg2 Qa5+ 12.Kf1 Nd7 13.Rd1 Qb4 14.Ba1 Ndf6 15.Ne5 
cxb5 16.Nxb5 e6 17.Nc3 Nxc3 18.Bxc3 Qb6 19.Qd3 Qc7 20.Rc1 b6 21.cxd5 Nxd5 
22.Bd2 Qd8 23.Bf3 Ba6 24.Qa3 b5 25.Kg2 Re8 26.Rhd1 Bf8 27.Qb2 Qd6 28.e4 
Nf6 29.Bg5 Nh5 30.Rc6 Qa3 31.Qe2 Ng7 32.Ng4 Nh5 33.Ne5 Ng7 34.Rc7 b4 35.
Qd2 Bd6 36.Rd7 Bxe5 37.dxe5 b3 38.axb3 Qxb3 39.Qf4 Rf8 40.Be7 Rfe8 41.Bd6 
Rf8 42.Bxf8 Rxf8 43.Rd8 a3 44.Rxf8+ Kxf8 45.Rd7 1-0

[Event "zonal 1.2b"]
[Site "Zagreb CRO"]
[Date "1993.??.??"]
[Round "4"]
[White "Cvitan, Ognjen"]
[Black "Kovacevic, Vladimir"]
[Result "1-0"]
[WhiteElo "2575"]
[BlackElo "2485"]
[EventDate "1993.03.??"]
[PlyCount "81"]

1.d4 d5 2.c4 e6 3.Nc3 Nf6 4.Bg5 Nbd7 5.e3 Be7 6.Nf3 O-O 7.Qc2 a6 8.cxd5 
exd5 9.h3 Re8 10.Bf4 c5 11.Be2 cxd4 12.Nxd4 Nc5 13.O-O Be6 14.Rad1 Rc8 15.
Qb1 b5 16.Bf3 b4 17.Nce2 Qb6 18.Ng3 Bf8 19.Nxe6 fxe6 20.Be5 Ncd7 21.Bxf6 
Nxf6 22.Nh5 Nxh5 23.Bxh5 Red8 24.Rc1 g6 25.Bg4 Kf7 26.Rfd1 Rxc1 27.Qxc1 
Bg7 28.Qc2 Be5 29.h4 Qc7 30.Qe2 Rd6 31.g3 Qc5 32.Qf3+ Ke7 33.b3 Qc2 34.h5 
a5 35.hxg6 hxg6 36.Qh1 Kf7 37.Kg2 Qe4+ 38.Bf3 Qf5 39.Qh7+ Ke8 40.Qg8+ Ke7 
41.Rh1 1-0

[Event "zonal 1.2b"]
[Site "Zagreb CRO"]
[Date "1993.??.??"]
[Round "4"]
[White "Dizdar, Goran"]
[Black "Alterman, Boris"]
[Result "1/2-1/2"]
[WhiteElo "2490"]
[BlackElo "2600"]
[EventDate "1993.03.??"]
[PlyCount "61"]

1.Nf3 c5 2.g3 Nc6 3.Bg2 g6 4.c4 Bg7 5.Nc3 e6 6.O-O Nge7 7.d3 O-O 8.Bg5 h6 
9.Bd2 Nf5 10.a3 Kh7 11.Rb1 a5 12.Na4 d6 13.b4 axb4 14.axb4 Nfd4 15.Nxd4 
cxd4 16.b5 Ne5 17.Bb4 f5 18.Ra1 f4 19.c5 d5 20.Nb6 Rb8 21.Qa4 fxg3 22.hxg3
Ng4 23.Bf3 Ne5 24.Qa7 Nxf3+ 25.exf3 Be5 26.Nxc8 Qg5 27.c6 Rxf3 28.Be1 Bxg3
29.fxg3 Rxg3+ 30.Bxg3 Qxg3+ 31.Kh1 1/2-1/2

[Event "zonal 1.2b"]
[Site "Zagreb CRO"]
[Date "1993.??.??"]
[Round "4"]
[White "Kozul, Zdenko"]
[Black "Hulak, Krunoslav"]
[Result "1-0"]
[WhiteElo "2550"]
[BlackElo "2540"]
[EventDate "1993.03.??"]
[PlyCount "71"]

1.d4 Nf6 2.c4 e6 3.Nf3 Bb4+ 4.Nbd2 b6 5.a3 Bxd2+ 6.Bxd2 Bb7 7.Bg5 d6 8.e3 
Nbd7 9.Bh4 a5 10.Bd3 Nf8 11.O-O Ng6 12.Bg3 Ne4 13.Nd2 Nxg3 14.fxg3 O-O 15.
Qh5 f5 16.Nf3 Qe8 17.g4 Ne7 18.Qh3 Rf6 19.Rae1 Qa4 20.g5 Rff8 21.e4 Ng6 
22.Nd2 Bc8 23.exf5 exf5 24.Qh5 Bd7 25.Re3 f4 26.Re7 Bf5 27.Bxf5 Rxf5 28.
Rxc7 Qc2 29.Nf3 Qxb2 30.Qg4 Raf8 31.h4 Nh8 32.Re1 g6 33.h5 Nf7 34.Re6 Nh8 
35.Rxh7 Kxh7 36.hxg6+ 1-0

[Event "zonal 1.2b"]
[Site "Zagreb CRO"]
[Date "1993.??.??"]
[Round "4"]
[White "Nikolic, Nebojsa"]
[Black "Gofshtein, Leonid"]
[Result "1-0"]
[WhiteElo "2340"]
[BlackElo "2560"]
[EventDate "1993.03.??"]
[PlyCount "76"]

1.d4 d6 2.Nf3 Bg4 3.c4 Nd7 4.e4 e5 5.d5 Be7 6.Nc3 h6 7.g3 Bg5 8.Bg2 Bxc1 
9.Rxc1 h5 10.Qd3 Nc5 11.Qe3 a5 12.Nxe5 dxe5 13.Qxc5 Rh6 14.h4 Bd7 15.b3 b6
16.Qe3 Qe7 17.Qg5 Nf6 18.Qxg7 Rg6 19.Qh8+ Ng8 20.Bh3 Kf8 21.Qxh5 Nf6 22.
Qe2 Qa3 23.Rc2 a4 24.Bxd7 axb3 25.axb3 Nxd7 26.h5 Rf6 27.Kf1 Qxb3 28.Kg2 
Qb4 29.h6 Rg6 30.Nb5 Qc5 31.Ra2 Rc8 32.h7 Kg7 33.Ra7 Kh8 34.d6 Nf8 35.Rxc7
Rxc7 36.dxc7 Ne6 37.Qd2 Nf4+ 38.Kf3 Nd3 1-0

[Event "zonal 1.2b"]
[Site "Zagreb CRO"]
[Date "1993.??.??"]
[Round "4"]
[White "Rogic, Davor"]
[Black "Kurajica, Bojan"]
[Result "0-1"]
[WhiteElo "2280"]
[BlackElo "2535"]
[EventDate "1993.03.??"]
[PlyCount "118"]

1.e4 c5 2.Nf3 e6 3.d4 cxd4 4.Nxd4 a6 5.Bd3 Nf6 6.O-O Qc7 7.c4 Nc6 8.Nxc6 
dxc6 9.Be3 e5 10.h3 Nd7 11.Nc3 Bc5 12.Qg4 g6 13.Bh6 Bf8 14.Qh4 Be7 15.Qg3 
g5 16.Rad1 Rg8 17.h4 Nf6 18.Be2 gxh4 19.Qxh4 Ng4 20.Qh5 Be6 21.Bc1 Nf6 22.
Qh2 Rg6 23.Be3 b5 24.Bd4 Nd7 25.Bh5 Rg7 26.cxb5 axb5 27.a3 Bg5 28.Be3 Bxe3
29.fxe3 Qb6 30.Rf3 O-O-O 31.Rc1 Kb7 32.Qh4 f6 33.a4 Rdg8 34.Rc2 b4 35.Nd1 
Bb3 36.Rd2 Bxa4 37.Bg4 Bxd1 38.Rxd1 Rxg4 39.Qxh7 Rxg2+ 40.Kh1 Qc7 41.Rxd7 
Rg1+ 42.Kh2 R8g2+ 43.Kh3 Rh1+ 44.Kxg2 Rxh7 45.Rxc7+ Kxc7 46.Rxf6 Rd7 47.
Rf2 Kb6 48.Kf1 Kb5 49.Ke2 Kc4 50.Rf6 Rc7 51.Kd2 Kb3 52.Kc1 c5 53.Re6 c4 
54.Rxe5 Rh7 55.Rb5 Rh1+ 56.Kd2 Rh2+ 57.Kc1 Rc2+ 58.Kd1 Rxb2 59.e5 c3 0-1

[Event "zonal 1.2b"]
[Site "Zagreb CRO"]
[Date "1993.??.??"]
[Round "5"]
[White "Alterman, Boris"]
[Black "Cvitan, Ognjen"]
[Result "1/2-1/2"]
[WhiteElo "2600"]
[BlackElo "2575"]
[EventDate "1993.03.??"]
[PlyCount "75"]

1.d4 Nf6 2.c4 g6 3.Nc3 Bg7 4.e4 d6 5.f3 O-O 6.Be3 e5 7.Nge2 c6 8.Qd2 Nbd7 
9.O-O-O a6 10.Kb1 b5 11.Nc1 exd4 12.Bxd4 Re8 13.Nb3 Bf8 14.h4 h5 15.Qf4 b4
16.Na4 c5 17.Bxf6 Qxf6 18.Qxf6 Nxf6 19.Nb6 Rb8 20.Nxc8 Rbxc8 21.g3 Rc7 22.
Bh3 Kg7 23.Rh2 Ra7 24.Na5 Nd7 25.Bxd7 Rxd7 26.Nb3 Rde7 27.Rd5 Re5 28.Rxe5 
Rxe5 29.Nd2 f5 30.Kc2 Kf7 31.Re2 Bh6 32.f4 Re7 33.Kd3 Ke8 34.Nf3 Kd7 35.b3
Bg7 36.Re1 Bc3 37.Re2 Bf6 38.Re1 1/2-1/2

[Event "zonal 1.2b"]
[Site "Zagreb CRO"]
[Date "1993.??.??"]
[Round "5"]
[White "Dizdarevic, Emir"]
[Black "Har-Zvi, Ronen"]
[Result "1/2-1/2"]
[WhiteElo "2540"]
[BlackElo "2485"]
[EventDate "1993.03.??"]
[PlyCount "30"]

1.Nf3 g6 2.e4 Bg7 3.d4 d6 4.Bd3 c5 5.dxc5 Qa5+ 6.Nfd2 Qxc5 7.O-O Nf6 8.Nb3
Qc7 9.Nc3 O-O 10.Bg5 Nbd7 11.Qd2 a6 12.Bh6 b5 13.Bxg7 Kxg7 14.a4 b4 15.Ne2
a5 1/2-1/2

[Event "zonal 1.2b"]
[Site "Zagreb CRO"]
[Date "1993.??.??"]
[Round "5"]
[White "Gofshtein, Leonid"]
[Black "Dizdar, Goran"]
[Result "1-0"]
[WhiteElo "2560"]
[BlackElo "2490"]
[EventDate "1993.03.??"]
[PlyCount "123"]

1.d4 Nf6 2.c4 e6 3.Nf3 d5 4.Nc3 Bb4 5.cxd5 exd5 6.Bg5 h6 7.Bxf6 Qxf6 8.
Qa4+ Nc6 9.e3 O-O 10.Rc1 Qg6 11.Qb3 Rd8 12.a3 Bd6 13.Nb5 Ne7 14.Nxd6 Qxd6 
15.Bd3 c6 16.O-O Rb8 17.Rc3 Bf5 18.Be2 Bg4 19.Rfc1 Nf5 20.Qd1 Qe7 21.b4 a6
22.Rb1 Nd6 23.a4 Rbc8 24.Ne5 Bxe2 25.Qxe2 Re8 26.Qf3 Qe6 27.h3 Ra8 28.Rc2 
Re7 29.Qf4 Rd8 30.Rbc1 Kh7 31.Qf3 Ree8 32.Qe2 Qf5 33.g4 Qe6 34.Qf3 Kg8 35.
Qf4 f6 36.Nxc6 bxc6 37.Rxc6 Qd7 38.Rxa6 Nc4 39.b5 Ra8 40.Rxa8 Rxa8 41.Rb1 
Qd8 42.Qf5 Rxa4 43.b6 Ra8 44.b7 Rb8 45.Rb5 Kf7 46.Rxd5 Nd6 47.Qf3 Rxb7 48.
e4 Rd7 49.Qb3 Ke7 50.e5 Nf7 51.Qb4+ Ke8 52.Qb5 Ke7 53.Qc5+ Ke8 54.Qb5 Ke7 
55.Qb4+ Ke8 56.Qa4 Ke7 57.Qa3+ Ke8 58.Ra5 Qb6 59.Ra6 Qb1+ 60.Kh2 fxe5 61.
Re6+ Kd8 62.Qa8+ 1-0

[Event "zonal 1.2b"]
[Site "Zagreb CRO"]
[Date "1993.??.??"]
[Round "5"]
[White "Kovacevic, Vladimir"]
[Black "Rogic, Davor"]
[Result "0-1"]
[WhiteElo "2485"]
[BlackElo "2280"]
[EventDate "1993.03.??"]
[PlyCount "84"]

1.d4 Nf6 2.Nf3 g6 3.c4 Bg7 4.Nc3 O-O 5.Bg5 d6 6.e3 c5 7.Be2 Nc6 8.d5 Na5 
9.Nd2 h6 10.Bh4 g5 11.Bg3 e6 12.h4 exd5 13.hxg5 hxg5 14.Qc2 Nc6 15.Nxd5 
Re8 16.Rd1 Nxd5 17.cxd5 Ne5 18.Bb5 Bd7 19.Bxd7 Qxd7 20.Qh7+ Kf8 21.Ne4 Qe7
22.Rh5 Rad8 23.Nxg5 Ng4 24.Bh4 Qd7 25.Qc2 Rc8 26.Ne4 Nxe3 27.fxe3 Qg4 28.
Qe2 Qxe4 29.Kf2 Re5 30.Bg3 Rf5+ 31.Rxf5 Qxf5+ 32.Qf3 Qg6 33.b3 b5 34.Kg1 
c4 35.bxc4 bxc4 36.Rf1 Kg8 37.Bf4 c3 38.e4 Bd4+ 39.Be3 c2 40.Rc1 Rc3 41.
Bxd4 Rxf3 42.Rxc2 Qg4 0-1

[Event "zonal 1.2b"]
[Site "Zagreb CRO"]
[Date "1993.??.??"]
[Round "5"]
[White "Kurajica, Bojan"]
[Black "Kozul, Zdenko"]
[Result "0-1"]
[WhiteElo "2535"]
[BlackElo "2550"]
[EventDate "1993.03.??"]
[PlyCount "112"]

1.Nf3 Nf6 2.g3 g6 3.b3 Bg7 4.Bb2 d6 5.d4 c5 6.Bg2 Qa5+ 7.Qd2 Qxd2+ 8.Nbxd2
Nfd7 9.e3 Nc6 10.O-O-O O-O 11.Ne4 b6 12.c4 Bb7 13.d5 Na5 14.Bxg7 Kxg7 15.
Nc3 a6 16.e4 Rfb8 17.Rhe1 b5 18.cxb5 axb5 19.Nxb5 Bc8 20.Nc3 c4 21.b4 Rxb4
22.Kd2 Rb2+ 23.Ke3 Nf6 24.h3 Nb7 25.Rb1 Rxb1 26.Rxb1 Ra3 27.Kd4 Nc5 28.Nd2
Ba6 29.Rc1 Nd3 30.Rf1 Nb4 31.Nxc4 Ra5 32.Rc1 Bxc4 33.Kxc4 Nxa2 34.Rc2 Nxc3
35.Kxc3 Nd7 36.Kd2 Nc5 37.Ke2 Ra4 38.Ke3 Ra3+ 39.Ke2 Kf6 40.Rb2 Ke5 41.h4 
h6 42.Rb8 g5 43.hxg5 hxg5 44.Rg8 f6 45.Rg7 Kd4 46.Rxe7 Ra2+ 47.Kf1 Ra1+ 
48.Ke2 Nd3 49.Re6 Re1+ 50.Kd2 Rg1 51.Bf3 Rb1 52.Bd1 Rb2+ 53.Bc2 Nb4 54.
Rxf6 Rxc2+ 55.Ke1 Nd3+ 56.Kf1 Rxf2+ 0-1

[Event "zonal 1.2b"]
[Site "Zagreb CRO"]
[Date "1993.??.??"]
[Round "6"]
[White "Kovacevic, Vladimir"]
[Black "Alterman, Boris"]
[Result "1/2-1/2"]
[WhiteElo "2485"]
[BlackElo "2600"]
[EventDate "1993.03.??"]
[PlyCount "226"]

1.d4 c5 2.e3 Nf6 3.Nf3 g6 4.dxc5 Qa5+ 5.Nbd2 Bg7 6.a3 Qxc5 7.b4 Qc7 8.Bb2 
O-O 9.c4 d6 10.Be2 b6 11.O-O Bb7 12.Qb3 Nbd7 13.Rac1 Rac8 14.Rfd1 Qb8 15.
Ng5 h6 16.Nh3 Qa8 17.Bf3 g5 18.Bxb7 Qxb7 19.f4 g4 20.Nf2 b5 21.Qd3 bxc4 
22.Nxc4 Qb5 23.e4 Nb6 24.Nxb6 Qxd3 25.Rxd3 Rxc1+ 26.Bxc1 axb6 27.e5 g3 28.
hxg3 dxe5 29.fxe5 Nh7 30.Be3 Rb8 31.Ng4 Ng5 32.Rd7 Ra8 33.Bc1 h5 34.Nf2 
Ne6 35.Nd3 Rc8 36.Be3 Rc3 37.a4 Ra3 38.Bxb6 Rxa4 39.Rxe7 Ra1+ 40.Kh2 Rb1 
41.Rd7 Bh6 42.Bf2 Rb3 43.Bc5 Rb1 44.Be7 Be3 45.g4 Bg1+ 46.Kg3 Bd4 47.Kf3 
hxg4+ 48.Ke4 Bg1 49.Rb7 Kh7 50.Bf6 Kg6 51.Rb8 Ng5+ 52.Bxg5 Kxg5 53.g3 f5+ 
54.exf6 Kxf6 55.Rg8 Bb6 56.Rxg4 Bc7 57.Kf3 Rb3 58.Ke2 Bd6 59.Kd2 Kf5 60.
Rd4 Bxg3 61.Kc2 Ra3 62.Kb2 Ra8 63.Kb3 Rc8 64.Nc5 Be1 65.Rd5+ Kf6 66.b5 Ba5
67.Kc4 Rd8 68.Rh5 Rd1 69.Rh6+ Ke7 70.Ra6 Bd8 71.Re6+ Kf7 72.Rh6 Ba5 73.Nb7
Rc1+ 74.Kd5 Rd1+ 75.Kc6 Rc1+ 76.Nc5 Bb4 77.Rh5 Ba5 78.Rh4 Bd8 79.Rh7+ Ke8 
80.Kd6 Rd1+ 81.Kc6 Rc1 82.Rh5 Ba5 83.Kb7 Rd1 84.Ne4 Bd8 85.Rh8+ Ke7 86.
Rh7+ Ke6 87.Nc5+ Kf5 88.Kc6 Rc1 89.Rd7 Ba5 90.Rd5+ Kf6 91.Kb7 Rb1 92.Ka6 
Bc7 93.Rd7 Ra1+ 94.Kb7 Rb1 95.Kc6 Ba5 96.Ra7 Bd8 97.Nd3 Ke6 98.Ra8 Ke7 99.
Ne5 Rc1+ 100.Kb7 Rb1 101.Nc6+ Kf6 102.Nd4 Ke7 103.Rc8 Kd7 104.Rc5 Kd6 105.
Rh5 Ba5 106.Ka6 Bc3 107.Ne2 Bd2 108.b6 Rb2 109.b7 Ra2+ 110.Kb6 Rb2+ 111.
Rb5 Rxb5+ 112.Kxb5 Kc7 113.Ka6 Bf4 1/2-1/2

[Event "zonal 1.2b"]
[Site "Zagreb CRO"]
[Date "1993.??.??"]
[Round "6"]
[White "Nikolic, Nebojsa"]
[Black "Dizdarevic, Emir"]
[Result "0-1"]
[WhiteElo "2340"]
[BlackElo "2540"]
[EventDate "1993.03.??"]
[PlyCount "114"]

1.d4 Nf6 2.Nf3 e6 3.c4 a6 4.e3 c5 5.dxc5 Bxc5 6.a3 O-O 7.Nbd2 b6 8.Bd3 Bb7
9.O-O Be7 10.Qc2 d6 11.b4 Nbd7 12.Bb2 Rc8 13.Rac1 Rc7 14.Qb1 Qa8 15.Rfd1 
Rfc8 16.Bf1 e5 17.Qa1 Nf8 18.a4 a5 19.bxa5 bxa5 20.Bc3 Ne6 21.Qa2 Nc5 22.
Nb3 Nxb3 23.Qxb3 Ne4 24.Nd2 Nc5 25.Qc2 Bc6 26.Ra1 Ra7 27.Rdb1 Rb7 28.Rxb7 
Bxb7 29.Nb3 Be4 30.Qd1 Nb7 31.Qd2 Bd8 32.h3 Bf5 33.Qd5 Qa7 34.Qb5 Bb6 35.
Be1 Be4 36.Qd7 Qb8 37.Ra2 Bc6 38.Qg4 Qc7 39.Bd3 Rb8 40.h4 Nc5 41.Nxc5 Bxc5
42.Be4 h5 43.Qf3 Rb1 44.Re2 Bxe4 45.Qxe4 Ra1 46.Kh2 Rxa4 47.Rb2 Bb4 48.
Qa8+ Kh7 49.Qe8 Ra1 50.Bxb4 Qxc4 51.Qd7 f6 52.f4 Qf1 53.Qd8 Qg1+ 54.Kg3 
Qxe3+ 55.Kh2 Qxf4+ 56.g3 Qf3 57.Rg2 axb4 0-1

[Event "zonal 1.2b"]
[Site "Zagreb CRO"]
[Date "1993.??.??"]
[Round "6"]
[White "Rogic, Davor"]
[Black "Kozul, Zdenko"]
[Result "0-1"]
[WhiteElo "2280"]
[BlackElo "2550"]
[EventDate "1993.03.??"]
[PlyCount "72"]

1.e4 c5 2.Nf3 d6 3.d4 cxd4 4.Nxd4 Nf6 5.Nc3 Nc6 6.Bc4 Qb6 7.Nb3 e6 8.Be3 
Qc7 9.f4 a6 10.Bd3 b5 11.Qf3 Bb7 12.O-O Be7 13.Rae1 Nb4 14.Qg3 g6 15.Qh3 
Rc8 16.Re2 d5 17.Bd4 O-O 18.e5 Ne4 19.Nd1 Nc6 20.c3 Nxd4 21.cxd4 Qb6 22.
Nf2 a5 23.Qe3 a4 24.Nd2 Nxf2 25.Rexf2 b4 26.g4 f5 27.Bb1 a3 28.gxf5 exf5 
29.Nf3 Ba6 30.Rd1 axb2 31.Rxb2 Qa5 32.Rg2 Rc3 33.Qf2 Qa3 34.Ng5 Rc1 35.Bc2
Rc8 36.Bb3 Qxb3 0-1

[Event "zonal 1.2b"]
[Site "Zagreb CRO"]
[Date "1993.??.??"]
[Round "7"]
[White "Gofshtein, Leonid"]
[Black "Kovacevic, Vladimir"]
[Result "1/2-1/2"]
[WhiteElo "2560"]
[BlackElo "2485"]
[EventDate "1993.03.??"]
[PlyCount "115"]

1.d4 Nf6 2.c4 e6 3.Nf3 d5 4.Nc3 Nbd7 5.cxd5 exd5 6.Bg5 Bb4 7.Qc2 c5 8.dxc5
Nxc5 9.e3 O-O 10.Bd3 h6 11.Bh4 Be6 12.O-O Rc8 13.Nd4 g5 14.Bg3 Bxc3 15.
Qxc3 Nfe4 16.Bxe4 dxe4 17.Nxe6 fxe6 18.Qa3 a6 19.Rac1 Qd5 20.h4 Nd3 21.Rc3
Rxc3 22.bxc3 Rf7 23.Qa4 Kg7 24.c4 Qf5 25.Qe8 gxh4 26.Bxh4 h5 27.Qd8 Kh7 
28.Bg3 Qg4 29.Rb1 Rg7 30.Qf6 Qg6 31.Qh4 Ne5 32.c5 Ng4 33.Rb6 Qf5 34.c6 Qc5
35.Rb1 bxc6 36.Bf4 Qf5 37.Rb8 e5 38.Bg3 Rd7 39.Rb1 c5 40.f3 exf3 41.e4 f2+
42.Bxf2 Qxf2+ 43.Qxf2 Nxf2 44.Kxf2 Rd2+ 45.Kg3 Rxa2 46.Rb6 Ra4 47.Kh4 
Rxe4+ 48.Kxh5 a5 49.Rb5 c4 50.Rxa5 c3 51.Rc5 Re3 52.Kg5 Kg7 53.Rc7+ Kf8 
54.Kf6 Ke8 55.Ke6 Kd8 56.Rc5 e4 57.Ke5 Rg3 58.Kf4 1/2-1/2

[Event "zonal 1.2b"]
[Site "Zagreb CRO"]
[Date "1993.??.??"]
[Round "7"]
[White "Hulak, Krunoslav"]
[Black "Nikolic, Nebojsa"]
[Result "0-1"]
[WhiteElo "2540"]
[BlackElo "2340"]
[EventDate "1993.03.??"]
[PlyCount "74"]

1.Nf3 c5 2.g3 g6 3.Bg2 Bg7 4.c4 Nc6 5.O-O Nh6 6.Nc3 Nf5 7.a3 O-O 8.Rb1 a5 
9.d3 d6 10.Bd2 Rb8 11.Ne1 Bd7 12.Nc2 Na7 13.b4 axb4 14.axb4 b5 15.bxc5 
bxc4 16.cxd6 Nxd6 17.d4 Rb3 18.e3 Nab5 19.Nxb5 Bxb5 20.Bb4 Qd7 21.Na3 Rb8 
22.Qc1 Ba6 23.Bc3 Nb5 24.Nxb5 Qxb5 25.Ra1 Bb7 26.f3 h5 27.Re1 e6 28.Kf2 
Bf8 29.Re2 Bb4 30.Rc2 Rc8 31.Bf1 Qf5 32.Bxb4 Qxf3+ 33.Ke1 Rxb4 34.Bg2 Qf5 
35.Bxb7 Rxb7 36.Rf2 Qe4 37.Raa2 Rb1 0-1

[Event "zonal 1.2b"]
[Site "Zagreb CRO"]
[Date "1993.??.??"]
[Round "7"]
[White "Kurajica, Bojan"]
[Black "Har-Zvi, Ronen"]
[Result "1/2-1/2"]
[WhiteElo "2535"]
[BlackElo "2485"]
[EventDate "1993.03.??"]
[PlyCount "181"]

1.d4 Nf6 2.Nf3 g6 3.g3 Bg7 4.Bg2 O-O 5.O-O d6 6.c4 Nbd7 7.Nc3 e5 8.e4 c6 
9.b3 a6 10.Qc2 exd4 11.Nxd4 Re8 12.Bb2 Nc5 13.b4 Ncd7 14.Rad1 Qe7 15.Na4 
c5 16.bxc5 dxc5 17.Nb3 b5 18.Nc3 bxc4 19.Na5 Ne5 20.f4 Nd3 21.e5 Bg4 22.
exf6 Qe3+ 23.Kh1 Nxb2 24.Qxb2 Bxf6 25.Rc1 Rab8 26.Qa3 Be2 27.Rfe1 Qd2 28.
Nb1 Bb2 29.Qxc5 Qd3 30.Rxc4 Bf3 31.Rg1 Re2 32.h3 Rxg2 33.Rxg2 Qf1+ 34.Qg1 
Bxg2+ 35.Kh2 Qxg1+ 36.Kxg1 Bxh3 37.Nc6 Re8 38.Kf2 Bg4 39.Rc2 Bf6 40.Na3 
Rc8 41.Nb4 Rxc2+ 42.Naxc2 a5 43.Nd5 Bd8 44.Ke3 Be6 45.Kd4 h5 46.Nce3 Kf8 
47.Ke5 Ke8 48.Kd6 Bh3 49.Nc4 Bf1 50.Ncb6 Bd3 51.Nd7 Bc4 52.N5f6+ Bxf6 53.
Nxf6+ Kf8 54.a3 Kg7 55.Ke5 Bb5 56.Ne4 Bc6 57.Nd6 a4 58.Nc4 f6+ 59.Ke6 g5 
60.fxg5 fxg5 61.Kf5 Kh6 62.Ne5 Bd5 63.Nd3 Bb3 64.Nc5 Bc2+ 65.Ke5 g4 66.Ne6
h4 67.gxh4 Kh5 68.Kf4 Kxh4 69.Nd4 Bd1 70.Nf5+ Kh3 71.Ng3 Bf3 72.Nf5 Bc6 
73.Ng3 Bd7 74.Ne4 Kh2 75.Nf6 Bc8 76.Nxg4+ Bxg4 77.Kxg4 Kg2 78.Kf4 Kf2 79.
Ke4 Ke2 80.Kd4 Kd2 81.Kc4 Kc2 82.Kb4 Kd3 83.Kxa4 Kc4 84.Ka5 Kc5 85.a4 Kc6 
86.Ka6 Kc7 87.Kb5 Kb7 88.a5 Ka7 89.a6 Kb8 90.Kb6 Ka8 91.a7 1/2-1/2